000 00376nam a2200133Ia 4500
008 151001s9999||||xx |||||||||||||| ||und||
100 _aदि द पाटील
245 _aपाटलाचा पोर
250 _a1
260 _bप्रेस्टीज पब्लिकेशन पुणे
260 _c1986
300 _a332
365 _b21
999 _c965876
_d965873